| 000 | 00479nam a2200181Ia 4500 | ||
|---|---|---|---|
| 003 | GCL | ||
| 008 | 140319s9999 xx 000 0 eng d | ||
| 040 |
_aGCL / _cGCL |
||
| 082 | 0 | 4 |
_a155.2 _bL P |
| 100 | 1 | _aLAZARUS, RICHARD S | |
| 245 | 1 | 0 |
_aPERSONALITY: SELECTED READING / _cLAZARUS, RICHARD S |
| 700 | 1 | _aOPTON, EDWARD M | |
| 260 |
_a[S.N] : _bPENGUIN BOOKS ، _c1967 |
||
| 300 | _a464 P | ||
| 650 | 0 | 4 | _aPERSONALITY |
| 650 | 0 | 4 | _aPERSONALITY DEVELOPMENT |
| 942 |
_2ddc _cBK |
||
| 999 |
_c14888 _d14888 |
||